[Event "ESP-ch rapid"]
[Site "Linares"]
[Date "2016.08.14"]
[Round "8"]
[White "Almagro Mazariegos, Sebastian"]
[Black "Cuenca Jimenez, Jose Fernando"]
[Result "1/2-1/2"]
[WhiteElo "2303"]
[BlackElo "2541"]
[PlyCount "128"]
[EventDate "2016.08.14"]
[EventType "swiss (rapid)"]
[EventRounds "9"]
[EventCountry "ESP"]
[SourceTitle "CBM 173 Extra"]
[Source "ChessBase"]
[SourceDate "2016.08.29"]
[SourceVersion "1"]
[SourceVersionDate "2016.08.29"]
[SourceQuality "1"]

1. e4 e6 2. d4 d5 3. Nd2 c5 4. exd5 Qxd5 5. Ngf3 cxd4 6. Bc4 Qd7 7. 0-0 Nc6 8. Nb3 Nf6 9. Nbxd4 Nxd4 10. Nxd4 a6 11. Re1 b5 12. Bb3 Bc5 13. c3 Bb7 14. Bg5 Bxd4 15. cxd4 0-0 16. Bxf6 gxf6 17. Qg4+ Kh8 18. Qh4 Qd8 19. Re3 f5 20. Qf4 Qf6 21. Qe5 Qxe5 22. dxe5 Rg8 23. g3 Rad8 24. Rd1 Rxd1+ 25. Bxd1 Rd8 26. Bf3 Bxf3 27. Rxf3 Rd2 28. Ra3 Rxb2 29. Rxa6 Re2 30. f4 b4 31. Ra4 Rb2 32. a3 b3 33. Rb4 Kg7 34. a4 Kg6 35. a5 Kh5 36. h3 Kg6 37. a6 Ra2 38. Rxb3 Rxa6 39. Rb2 Ra3 40. Kg2 h5 41. h4 f6 42. Rb6 fxe5 43. Rxe6+ Kf7 44. Rxe5 Kf6 45. Rb5 Rc3 46. Rb6+ Kg7 47. Rb7+ Kg6 48. Rb8 Kg7 49. Re8 Rb3 50. Kf2 Rc3 51. Re3 Rc4 52. Rd3 Re4 53. Kf3 Kg6 54. Re3 Rb4 55. Ke2 Rd4 56. Rd3 Re4+ 57. Kd2 Ra4 58. Rd8 Kg7 59. Ke3 Re4+ 60. Kd3 Ra4 61. Ke3 Re4+ 62. Kf3 Ra4 63. Re8 Ra3+ 64. Re3 Ra4 1/2-1/2